The venture of Islam (Record no. 12233)
[ view plain ]
| 000 -LEADER | |
|---|---|
| fixed length control field | 00269nam a22001217a 4500 |
| 082 ## - DEWEY DECIMAL CLASSIFICATION NUMBER | |
| Classification number | HOD |
| 100 ## - MAIN ENTRY--AUTHOR NAME | |
| Personal name | Hodgdon G S M |
| 245 ## - TITLE STATEMENT | |
| Title | The venture of Islam |
| 250 ## - EDITION STATEMENT | |
| Edition statement | Vol : I and Vol II |
| 260 ## - PUBLICATION, DISTRIBUTION, ETC. (IMPRINT) | |
| Place of publication | London |
| Name of publisher | The university press |
| Year of publication | 1974 |
| 300 ## - PHYSICAL DESCRIPTION | |
| Number of Pages | 531 |
| 942 ## - ADDED ENTRY ELEMENTS (KOHA) | |
| Koha item type | Books |
| Withdrawn status | Lost status | Collection code | Home library | Current library | Date acquired | Cost, normal purchase price | Full call number | Accession Number | Koha item type |
|---|---|---|---|---|---|---|---|---|---|
| Central Library, QUEST, Nawabshah | Central Library, QUEST, Nawabshah | 30/01/2015 | 266.00 | HOD | 7072 | Books | |||
| Reference | Reference Section | Reference Section | 30/01/2015 | 266.00 | HOD (Shelf - 16B) | 7071 | Books |